Đại số tuyến tính và hình học giải tích

Guardat en:
Dades bibliogràfiques
Autor principal: Trần, Trọng Huệ
Format: Llibre
Idioma:Undetermined
Publicat: Hà Nội Giáo dục 2007
Matèries:
Etiquetes: Afegir etiqueta
Sense etiquetes, Sigues el primer a etiquetar aquest registre!
Thư viện lưu trữ: Trung tâm Học liệu Trường Đại học Cần Thơ
LEADER 00629nam a2200193Ia 4500
001 CTU_127830
008 210402s9999 xx 000 0 und d
020 |c 33000 
082 |a 512.5 
082 |b H507 
100 |a Trần, Trọng Huệ 
245 0 |a Đại số tuyến tính và hình học giải tích 
245 0 |c Trần Trọng Huệ 
260 |a Hà Nội 
260 |b Giáo dục 
260 |c 2007 
650 |a Algebras, linear,Geometry, analytic,Đại số, tuyến tính,Hình học, giải tích 
904 |i Tuyến 
980 |a Trung tâm Học liệu Trường Đại học Cần Thơ